| 000 | 00754nam1a22002291 4500 | ||
|---|---|---|---|
| 001 | rc\2831853 | ||
| 005 | 20110626113121.6 | ||
| 035 | _a(NLR Aleph) 006989788 | ||
| 090 |
_a5615320 _c5615320 |
||
| 100 | _a20110626d1932 |||y0rusy50 ca | ||
| 101 | 0 | _arus | |
| 102 | _aRU | ||
| 105 | _ay j ||||| | ||
| 200 | 1 |
_aУчебник политграмоты _eДля кандидатских парт. школ. Ч. 1- _fС. Ингулов |
|
| 210 |
_aАрхангельск _cПарт. изд-во _d1932 _gтип. им. Склепина |
||
| 215 | _d21×15 см | ||
| 700 | 1 |
_aИнгулов _bС. Б. _f1893- _gСергей Борисович |
|
| 801 | 0 |
_aRU _bNLR _gpsbo |
|
| 801 | 1 |
_aRU _bELAR _2rusmarc |
|
| 852 |
_aNLR _j33-17/8(1) |
||
| 942 | _cBOOK | ||
| 980 | _aNB | ||